LEADER 01447nam a2200313 u 4500 001 000000066187 003 CaOOAMICUS 005 20070226121540.0 008 020108s1994 it u000 u mul u 020 $a8822241835 035 $a10915609 040 $aPUL(R)$bita$dPUL 111 2 $aColloquio internazionale del lessico intellettuale europeo$n(7 :$d1992 :$cRoma).$0(OLS)http://pul/name/44402 245 10$aRatio :$bVII colloquio internazionale, Roma, 9-11 gennaio 1992 /$catti a cura di M. Fattori e M. L. Bianchi. 260 $aFirenze :$bOlschki,$c1994. 300 $avi, 574 p. ;$c24 cm 490 1 $aLessico intellettuale europeo ;$v61 650 4$aFilosofia$xCongressi.$0(OLS)http://pul/subject/8496 700 1 $aBianchi, Massimo Luigi.$0(OLS)http://pul/name/44403 700 1 $aFattori, Marta,$d1942-$0(OLS)http://pul/name/1208 710 2 $aLessico intellettuale europeo (Roma).$0(OLS)http://pul/name/6876 830 0$aLessico intellettuale europeo ;$v61.$0(OLS)http://pul/title/1193 850 $aPUL 852 $aPUL$W1$xSL Filosofia 1$y2$m96 A 57$j85564$nBK-PRI$b $qStampati$B85564$CPULBib$Z2$F85564 $H $81 941 1 $a8 961 $aINV: 71059 996 $6020$a8822241835$9(OLS)http://pul/number/85858 996 $6245$aRatio :$bVII colloquio internazionale, Roma, 9-11 gennaio 1992$9(OLS)http://pul/title/87926 996 $6260$aFirenze :$bOlschki$9(OLS)http://pul/publisher/48265 LEADER 01419nam a2200289 a 4500 001 000000168681 003 CaOOAMICUS 005 20180712102007.0 008 180712s2016 it u000 u ita r 020 $a978-88-921-0585-0* 032 $aLibriCat 040 $aPUL$bita 082 04$a342 110 2 $aSocietą italiana di storia del diritto.$bConvegno$d(2011 :$cParma).$0(OLS)http://pul/name/108692 245 12$aL'ordine costituzionale come problema storico :$batti del Convegno della Societą italiana di storia del diritto Parma, 15-16 dicembre, 2011 /$ca cura di Salvatore Puliatti. 260 $aTorino :$bG. Giappichelli,$c©2016. 300 $aVIII, 106 p. ;$c23 cm. 650 4$aDiritto costituzionale.$0(OLS)http://pul/subject/1174 700 1 $aPuliatti, Salvatore.$0(OLS)http://pul/name/1748 850 $aPUL 852 $aPUL$W1$xSL Diritto e Scienze Sociali 3$y79$m342 PULSA 1$j192114$qDDC 21$B196606$CPULBib$Z2$F196606 $H131185 $81 941 1 $a9 996 $6020$a978-88-921-0585-0*$9(OLS)http://pul/number/164533 996 $6082$a342$9(OLS)http://pul/classification/678 996 $6245$aL'ordine costituzionale come problema storico :$batti del Convegno della Societą italiana di storia del diritto Parma, 15-16 dicembre, 2011$9(OLS)http://pul/title/209135 996 $6260$aTorino :$bG. Giappichelli$9(OLS)http://pul/publisher/49130